000 00682nam a2200289Ia 4500
005 20260324144100.0
008 008 260324s9999 xx 000 0 eng d
020 _a9781032616698
037 _aEBOOK
040 _aCRL
040 _beng
040 _cCRL
041 _2eng
041 _aeng
084 _qCRL
100 _aBarbara Howe
_91218012
245 0 _aAlcohol Education
245 2 _bA Handbook for Health and Welfare Professionals
260 _bTaylor and Francis
260 _c1989
365 _a
365 _b150
856 _uhttp://www.taylorfrancis.com/books/9781032616698
942 _cEBOOK
999 _c1824194
_d1824194